[Event "BL 1516 SV Mülheim Nord - SK Norderste"]
[Site "?"]
[Date "2015.09.19"]
[Round "1.7"]
[White "Meyer, Falko"]
[Black "Feygin, Michael"]
[Result "1/2-1/2"]
[WhiteElo "2213"]
[BlackElo "2485"]
[PlyCount "68"]
[EventDate "2015.??.??"]

1. d4 d5 2. Nc3 e6 3. e4 Bb4 4. Bd3 dxe4 5. Bxe4 Nf6 6. Bf3 Nc6 7. Nge2 e5 8.
Bxc6+ bxc6 9. Bg5 exd4 10. Nxd4 Qe7+ 11. Qe2 Qxe2+ 12. Ndxe2 Ne4 13. Be3 Nd6
14. a3 Ba5 15. O-O-O O-O 16. Bc5 Rd8 17. Rd2 Bb6 18. Na4 Ba6 19. Rhd1 Re8 20.
Nxb6 axb6 21. Bxd6 Bxe2 22. Re1 Bg4 23. Be7 f6 24. f3 Bf5 25. g4 Kf7 26. Rde2
Bd7 27. Bb4 Rxe2 28. Rxe2 c5 29. Be1 Bc6 30. Re3 Re8 31. Kd2 Rd8+ 32. Kc3 Re8
33. Kd2 Rd8+ 34. Kc3 Re8 1/2-1/2

[Event "BL 1516 SV Mülheim Nord - SK Norderste"]
[Site "?"]
[Date "2015.09.19"]
[Round "1.8"]
[White "Saltaev, Mihail"]
[Black "Kahlert, Thomas"]
[Result "1-0"]
[WhiteElo "2495"]
[BlackElo "2178"]
[PlyCount "112"]
[EventDate "2015.??.??"]

1. e4 e5 2. Nf3 Nc6 3. Bc4 Nf6 4. d3 Be7 5. O-O O-O 6. Re1 d6 7. a3 Be6 8. Nbd2
Qd7 9. b4 a6 10. Bb2 b5 11. Bb3 Rfe8 12. c4 Bf8 13. Qc2 Rac8 14. Rac1 Nd8 15.
c5 Bxb3 16. Nxb3 Ne6 17. c6 Qe7 18. d4 exd4 19. Nbxd4 Nxd4 20. Bxd4 Ng4 21.
Rcd1 Rcd8 22. Bc3 Qe6 23. Rd5 h6 24. a4 Rb8 25. axb5 axb5 26. Nd4 Qc8 27. Nxb5
Rb6 28. Bd4 Ra6 29. h3 Ne5 30. Bxe5 Rxe5 31. Qc4 Qa8 32. Rc1 Re7 33. Nxd6 Re6
34. e5 Ra1 35. Nb7 Qa3 36. Rxa1 Qxa1+ 37. Kh2 Rxe5 38. Ra5 Qe1 39. Rxe5 Qxe5+
40. f4 Qe3 41. b5 Ba3 42. b6 Bc1 43. bxc7 Qxf4+ 44. Qxf4 Bxf4+ 45. g3 Bxc7 46.
Nc5 f5 47. Na6 Bd6 48. c7 Bxc7 49. Nxc7 Kf7 50. Kg2 g5 51. Kf3 Kf6 52. Nd5+ Ke5
53. Ne3 h5 54. h4 g4+ 55. Kf2 f4 56. Ng2 Kd5 1-0

[Event "BL 1516 Turm Emsdetten - USV TU Dresden"]
[Site "?"]
[Date "2015.10.31"]
[Round "1.2"]
[White "Swiercz, Dariusz"]
[Black "Almasi, Zoltan"]
[Result "1-0"]
[WhiteElo "2620"]
[BlackElo "2689"]
[PlyCount "113"]
[EventDate "2015.??.??"]

1. d4 Nf6 2. c4 e6 3. g3 d5 4. Nf3 Bb4+ 5. Bd2 Be7 6. Bg2 Nbd7 7. Qc2 c6 8. O-O
b6 9. b3 O-O 10. Rd1 Bb7 11. Nc3 Rc8 12. e4 dxe4 13. Nxe4 c5 14. Nxf6+ Bxf6 15.
Ng5 Bxg5 16. Bxb7 Rc7 17. dxc5 Bxd2 18. Qxd2 Qe7 19. c6 Nc5 20. Qe3 Nxb7 21.
cxb7 Rxb7 22. Qf3 g6 23. Rd3 Rc7 24. Rad1 Kg7 25. Kg2 Rfc8 26. Rd6 Qf6 27. Qe3
Rc5 28. Rd7 R8c7 29. R1d6 Qf5 30. h4 h5 31. Rd8 R5c6 32. Rd4 e5 33. R4d5 Rc5
34. a4 Rxd5 35. Rxd5 Re7 36. a5 Re6 37. Rd7 bxa5 38. Rxa7 e4 39. c5 Qd5 40.
Rxa5 Re5 41. Ra4 Qxc5 42. Qxc5 Rxc5 43. Rxe4 Rc3 44. Re3 Rc2 45. Kf1 Rb2 46. f4
Kf6 47. Ke1 Rc2 48. Kd1 Rc8 49. Kd2 Rb8 50. Kc3 Rc8+ 51. Kb2 Rb8 52. Re5 Rd8
53. Kc3 Rc8+ 54. Kd4 Rc1 55. b4 Rg1 56. Re3 Rb1 57. Kc4 1-0

[Event "BL 1516 Turm Emsdetten - USV TU Dresden"]
[Site "?"]
[Date "2015.10.31"]
[Round "1.3"]
[White "Bartel, Mateusz"]
[Black "Mchedlishvili, Mikheil"]
[Result "0-1"]
[WhiteElo "2622"]
[BlackElo "2607"]
[PlyCount "74"]
[EventDate "2015.??.??"]

1. e4 c5 2. Nf3 e6 3. c3 Nf6 4. d3 Nc6 5. Qe2 Be7 6. g3 O-O 7. Bg2 e5 8. O-O
Re8 9. Na3 h6 10. Nc4 Bf8 11. a4 d6 12. Re1 Be6 13. Qf1 Qc7 14. Bh3 d5 15. exd5
Nxd5 16. Bg2 f6 17. Nh4 Rad8 18. Ng6 Nb6 19. Nxf8 Rxf8 20. Nxb6 axb6 21. Be3
Bd5 22. Red1 f5 23. f4 Bxg2 24. Qxg2 exf4 25. Bxf4 Qf7 26. d4 cxd4 27. cxd4 Rd5
28. Bc7 b5 29. a5 Re8 30. Bb6 Re4 31. Qf2 Qd7 32. Rf1 Nxd4 33. Rae1 Ne6 34. Rc1
f4 35. Rce1 Ng5 36. Qc2 Rd2 37. Qb3+ Rc4 0-1

[Event "BL 1516 Turm Emsdetten - USV TU Dresden"]
[Site "?"]
[Date "2015.10.31"]
[Round "1.4"]
[White "Spoelman, Wouter"]
[Black "Socko, Bartosz"]
[Result "1-0"]
[WhiteElo "2583"]
[BlackElo "2599"]
[PlyCount "93"]
[EventDate "2015.??.??"]

1. c4 Nf6 2. g3 g6 3. Bg2 Bg7 4. Nc3 O-O 5. Nf3 d6 6. O-O e5 7. d3 Re8 8. Rb1
c6 9. b4 d5 10. b5 d4 11. Na4 Qc7 12. e3 cxb5 13. Rxb5 dxe3 14. Bxe3 Bd7 15.
Rb1 Bc6 16. Nc3 a6 17. Qb3 Nbd7 18. Nd5 Qd6 19. Nb4 Nc5 20. Bxc5 Qxc5 21. Nxc6
bxc6 22. Qb6 Qd6 23. Ng5 h6 24. Ne4 Nxe4 25. Bxe4 Rec8 26. Qb7 f5 27. Bg2 Bf8
28. Rb6 e4 29. dxe4 Rab8 30. Qxa6 Ra8 31. Qb7 Rab8 32. Qa6 Ra8 33. Qb7 Rab8 34.
Qa7 Ra8 35. e5 Qxe5 36. Qd7 Rc7 37. Qd2 Qc5 38. Rfb1 Kh7 39. Bxc6 Rac8 40. Bd5
Bg7 41. h4 Re8 42. Rb7 Rce7 43. h5 gxh5 44. Qf4 Rf8 45. a4 Kh8 46. Kg2 Re2 47.
R1b6 1-0

[Event "BL 1516 Turm Emsdetten - USV TU Dresden"]
[Site "?"]
[Date "2015.10.31"]
[Round "1.5"]
[White "Maiwald, Jens-Uwe"]
[Black "Van Foreest, Jorden"]
[Result "0-1"]
[WhiteElo "2452"]
[BlackElo "2548"]
[PlyCount "62"]
[EventDate "2015.??.??"]

1. Nf3 Nf6 2. g3 b5 3. Bg2 Bb7 4. Na3 a6 5. c4 b4 6. Nc2 c5 7. O-O e6 8. a3 d5
9. axb4 cxb4 10. cxd5 Bxd5 11. Ne3 Bb7 12. Nc4 a5 13. d3 Be7 14. Bf4 Nbd7 15.
Qa4 O-O 16. Qb5 Nc5 17. Be3 Nfd7 18. Nxa5 Ba6 19. Qxb4 Nxd3 20. Qg4 Nb4 21. Bh6
Bf6 22. Qxb4 gxh6 23. Rfd1 Bxe2 24. Rd2 Bxf3 25. Bxf3 Ra7 26. Kg2 Qc7 27. Ra3
Ne5 28. Nb7 Be7 29. Nd6 Rxa3 30. Qxa3 Nxf3 31. Kxf3 Rd8 0-1

[Event "BL 1516 Turm Emsdetten - USV TU Dresden"]
[Site "?"]
[Date "2015.10.31"]
[Round "1.6"]
[White "Janssen, Ruud"]
[Black "Loxine, Jakov"]
[Result "1/2-1/2"]
[WhiteElo "2479"]
[BlackElo "2411"]
[PlyCount "99"]
[EventDate "2015.??.??"]

1. c4 e5 2. Nc3 Nc6 3. Nf3 Nf6 4. g3 d5 5. cxd5 Nxd5 6. Bg2 Nb6 7. O-O Be7 8.
a3 O-O 9. b4 Be6 10. d3 a5 11. b5 Nd4 12. Rb1 Nxf3+ 13. Bxf3 Rb8 14. Qc2 f5 15.
Na4 Nxa4 16. Qxa4 b6 17. Bb2 Bd6 18. Qc2 Qe7 19. a4 f4 20. d4 exd4 21. Bxd4 Bf5
22. Qc4+ Kh8 23. Rbd1 Qg5 24. e3 fxg3 25. fxg3 h5 26. Bg2 Bg4 27. Rxf8+ Rxf8
28. Rf1 Rxf1+ 29. Bxf1 h4 30. Qf7 hxg3 31. h4 Bh5 32. Bxg7+ Qxg7 33. Qxh5+ Kg8
34. Qe8+ Kh7 35. Bd3+ Kh6 36. Qe4 Qf7 37. Kg2 Kh5 38. Be2+ Kh6 39. Kh3 Qf6 40.
Qg4 Qf7 41. Bd3 Be7 42. Kxg3 Qg7 43. Kh3 Qf6 44. h5 Qg5 45. Qe6+ Kg7 46. Bg6
Qh4+ 47. Kg2 Bd6 48. Qe4 Qxe4+ 49. Bxe4 Bf8 50. Kf3 1/2-1/2

[Event "BL 1516 Turm Emsdetten - USV TU Dresden"]
[Site "?"]
[Date "2015.10.31"]
[Round "1.7"]
[White "Hoffmann, Paul"]
[Black "Fiebig, Thomas"]
[Result "1/2-1/2"]
[WhiteElo "2358"]
[BlackElo "2423"]
[PlyCount "92"]
[EventDate "2015.??.??"]

1. e4 e6 2. d4 d5 3. exd5 exd5 4. Nf3 Nf6 5. Bd3 Bd6 6. Qe2+ Qe7 7. Qxe7+ Bxe7
8. Bf4 c6 9. h3 Nbd7 10. Nbd2 Nf8 11. O-O Ne6 12. Bh2 O-O 13. Rfe1 Re8 14. Nb3
Nd7 15. Re2 a5 16. a4 b6 17. Nfd2 Bb7 18. Rae1 Red8 19. Bf5 Ndf8 20. Bc7 Bf6
21. Bxd8 Rxd8 22. Nf3 g6 23. Bxe6 Nxe6 24. Ne5 Rd6 25. Re3 Bg5 26. Rf3 f6 27.
Ng4 Kg7 28. g3 h5 29. Ne3 Ba6 30. h4 Bh6 31. Ng2 Bc4 32. Nf4 Bxf4 33. gxf4 f5
34. Kg2 Kf6 35. Kg3 Bxb3 36. Rxb3 Nxd4 37. Rxb6 Nxc2 38. Rc1 Nb4 39. Kf3 d4 40.
Ke2 d3+ 41. Kd2 Rd4 42. Rc5 Rxf4 43. Rxa5 Rxf2+ 44. Kd1 Rf1+ 45. Kd2 Rf2+ 46.
Kd1 Rf1+ 1/2-1/2

[Event "BL 1516 Turm Emsdetten - USV TU Dresden"]
[Site "?"]
[Date "2015.10.31"]
[Round "1.8"]
[White "Zumsande, Martin"]
[Black "Moehn, Hans"]
[Result "1/2-1/2"]
[WhiteElo "2422"]
[BlackElo "2383"]
[PlyCount "81"]
[EventDate "2015.??.??"]

1. e4 c6 2. d4 d5 3. exd5 cxd5 4. c4 Nf6 5. Nc3 Nc6 6. Bg5 Ne4 7. Nxe4 dxe4 8.
d5 Ne5 9. Qd4 f6 10. Bd2 Bf5 11. f4 exf3 12. Nxf3 Nxf3+ 13. gxf3 e5 14. Qe3 b6
15. Bd3 Bc5 16. Qe2 Qd7 17. O-O-O Rc8 18. Kb1 Bd4 19. Rc1 O-O 20. Bxf5 Qxf5+
21. Qe4 Qd7 22. Bb4 Rfd8 23. f4 a6 24. fxe5 Bxe5 25. Rhd1 Qa4 26. Be7 Re8 27.
Qg4 f5 28. Qxf5 Rxc4 29. Qe6+ Kh8 30. Qxe5 Re4 31. b3 Rxe5 32. bxa4 R5xe7 33.
d6 Rd7 34. Rc6 g5 35. Rxb6 Re2 36. Rb2 Re6 37. Rbd2 Kg7 38. Kc2 Kf7 39. Rf1+
Kg6 40. Rfd1 Kf7 41. Rf1+ 1/2-1/2

[Event "BL 1516 Werder Bremen - Schachfr. Berli"]
[Site "?"]
[Date "2015.10.31"]
[Round "1.1"]
[White "Vocaturo, Daniele"]
[Black "Areshchenko, Alexander"]
[Result "0-1"]
[WhiteElo "2579"]
[BlackElo "2672"]
[PlyCount "84"]
[EventDate "2015.??.??"]

1. e4 c5 2. Nf3 d6 3. d4 cxd4 4. Nxd4 Nf6 5. Nc3 a6 6. Be3 e5 7. Nb3 Be6 8. f3
h5 9. Nd5 Bxd5 10. exd5 g6 11. Be2 Nbd7 12. Qd2 Bg7 13. O-O b6 14. c4 O-O 15.
Rac1 Re8 16. Na1 e4 17. f4 Ng4 18. Bxg4 hxg4 19. Nb3 f5 20. Nd4 Nc5 21. Ne6
Rxe6 22. dxe6 Nd3 23. Rc3 Bxc3 24. Qxc3 Qe7 25. Qd4 Rb8 26. Bd2 Kh7 27. Bc3 b5
28. b3 Rc8 29. h3 g3 30. Qe3 d5 31. Qxg3 dxc4 32. b4 Rc6 33. a4 bxa4 34. Ra1
Rxe6 35. Qe3 Qc7 36. Rxa4 Nxf4 37. Ra5 Qb6 38. Rc5 Nd5 39. Qg3 Nxc3 40. Qxc3 e3
41. Kf1 e2+ 42. Ke1 Qd6 0-1

[Event "BL 1516 Werder Bremen - Schachfr. Berli"]
[Site "?"]
[Date "2015.10.31"]
[Round "1.2"]
[White "Efimenko, Zahar"]
[Black "Kraemer, Martin"]
[Result "1/2-1/2"]
[WhiteElo "2647"]
[BlackElo "2570"]
[PlyCount "92"]
[EventDate "2015.??.??"]

1. e4 e5 2. Nf3 Nc6 3. Bb5 a6 4. Ba4 Nf6 5. d3 d6 6. c3 g6 7. O-O Bg7 8. Nbd2
O-O 9. Re1 b5 10. Bc2 Bb7 11. a4 Nd7 12. Nf1 Ne7 13. d4 c5 14. dxe5 dxe5 15. b3
Qc7 16. Qe2 Rfc8 17. Bg5 f6 18. Bd2 Bc6 19. c4 Qb7 20. cxb5 axb5 21. axb5 Bxb5
22. Bd3 Bxd3 23. Qxd3 Rxa1 24. Rxa1 c4 25. Qd6 Nc5 26. Be3 Rc6 27. Qd8+ Bf8 28.
bxc4 Nxe4 29. N1d2 Nd6 30. Bh6 Rc8 31. Qxd6 Rc6 32. Qd8 Rc8 33. Qd3 Bxh6 34.
Ne4 Qc6 35. c5 Bg7 36. Rd1 Qe6 37. Qd6 Qxd6 38. cxd6 Rd8 39. d7 Nc6 40. Nc5 Nb8
41. Nd2 Bf8 42. Nde4 Kf7 43. Nd6+ Bxd6 44. Rxd6 Ke7 45. Re6+ Kf7 46. Rd6 Ke7
1/2-1/2

[Event "BL 1516 Werder Bremen - Schachfr. Berli"]
[Site "?"]
[Date "2015.10.31"]
[Round "1.3"]
[White "Schneider, Ilja"]
[Black "Hracek, Zbynek"]
[Result "1/2-1/2"]
[WhiteElo "2481"]
[BlackElo "2613"]
[PlyCount "118"]
[EventDate "2015.??.??"]

1. d4 Nf6 2. c4 e6 3. g3 Bb4+ 4. Bd2 a5 5. Bg2 d6 6. e4 e5 7. Ne2 exd4 8. Nxd4
O-O 9. O-O Re8 10. Re1 Nbd7 11. Qc2 c6 12. Nc3 Ne5 13. b3 Bc5 14. Nce2 Bg4 15.
h3 Bh5 16. Be3 Bxd4 17. Bxd4 Nf3+ 18. Bxf3 Bxf3 19. Nc3 Nd7 20. Qd3 Bh5 21. f4
f6 22. g4 Bg6 23. Rad1 Qe7 24. Bf2 Nc5 25. Bxc5 dxc5 26. Qd6 Qxd6 27. Rxd6 Rad8
28. Rxd8 Rxd8 29. f5 Bf7 30. Rd1 Rxd1+ 31. Nxd1 b5 32. Nb2 Kf8 33. Kf2 Ke7 34.
Ke3 Kd6 35. Kf4 Bg8 36. h4 h6 37. a3 Bf7 38. a4 Bg8 39. g5 hxg5+ 40. hxg5 fxg5+
41. Kxg5 bxc4 42. bxc4 Ke5 43. Kg6 Kxe4 44. Kxg7 Kxf5 45. Kxg8 Ke4 46. Kf7 Kd4
47. Ke6 Kc3 48. Kd6 Kxb2 49. Kxc6 Ka3 50. Kb5 Kb3 51. Kxc5 Kxa4 52. Kd5 Kb3 53.
c5 a4 54. c6 a3 55. c7 a2 56. c8=Q a1=Q 57. Qc4+ Kb2 58. Qd4+ Ka2 59. Qxa1+
Kxa1 1/2-1/2

[Event "BL 1516 Werder Bremen - Schachfr. Berli"]
[Site "?"]
[Date "2015.10.31"]
[Round "1.4"]
[White "Nyback, Tomi"]
[Black "Mista, Aleksander"]
[Result "1/2-1/2"]
[WhiteElo "2601"]
[BlackElo "2580"]
[PlyCount "108"]
[EventDate "2015.??.??"]

1. d4 Nf6 2. c4 g6 3. Nc3 d5 4. cxd5 Nxd5 5. e4 Nxc3 6. bxc3 Bg7 7. Be3 c5 8.
Rc1 Qa5 9. Qd2 O-O 10. Nf3 Rd8 11. d5 e6 12. Bg5 f6 13. Be3 Nc6 14. Be2 exd5
15. exd5 Bg4 16. O-O Bxf3 17. Bxf3 Ne5 18. Be2 c4 19. Rfd1 Kh8 20. Qb2 b5 21.
d6 Rd7 22. Rd5 a6 23. Rcd1 Rad8 24. Bf4 Nf7 25. Bg3 Rc8 26. R1d4 Qd8 27. a4 f5
28. Rd1 bxa4 29. Qa3 Qf6 30. Qxa4 Rcd8 31. Qxc4 g5 32. h4 h6 33. hxg5 hxg5 34.
Qxa6 f4 35. Bh2 Rxd6 36. Rxd6 Rxd6 37. Rxd6 Qxd6 38. Qc8+ Qd8 39. Qe6 Ne5 40.
c4 Qd2 41. Bf1 Kh7 42. Qf5+ Kh6 43. Qe4 Bf6 44. Qe2 Qc1 45. Kh1 g4 46. Kg1 Kg5
47. Qe4 Ng6 48. Qd5+ Be5 49. Qd3 Kh6 50. g3 f3 51. Qf5 Qg5 52. Bd3 Qc1+ 53. Bf1
Qg5 54. Bd3 Qc1+ 1/2-1/2

[Event "BL 1516 Werder Bremen - Schachfr. Berli"]
[Site "?"]
[Date "2015.10.31"]
[Round "1.5"]
[White "Dvirnyy, Daniyyl"]
[Black "Babula, Vlastimil"]
[Result "1/2-1/2"]
[WhiteElo "2560"]
[BlackElo "2554"]
[PlyCount "64"]
[EventDate "2015.??.??"]

1. d4 Nf6 2. c4 e6 3. Nc3 Bb4 4. f3 c5 5. d5 O-O 6. e4 d6 7. Bd2 exd5 8. cxd5
Re8 9. Nge2 Nh5 10. g3 f5 11. Bg2 Nf6 12. O-O fxe4 13. Nxe4 Nxe4 14. fxe4 Bxd2
15. Qxd2 Nd7 16. Nf4 Qg5 17. b4 b6 18. bxc5 Nxc5 19. Rfe1 Bd7 20. Re3 Re5 21.
h4 Qe7 22. Nd3 Nxd3 23. Rxd3 Be8 24. Rc1 Bg6 25. Rdc3 Bxe4 26. Rc8+ Rxc8 27.
Rxc8+ Kf7 28. Qf4+ Qf6 29. Rc7+ Kg8 30. Rc8+ Kf7 31. Rc7+ Kg8 32. Rc8+ Kf7
1/2-1/2

[Event "BL 1516 Werder Bremen - Schachfr. Berli"]
[Site "?"]
[Date "2015.10.31"]
[Round "1.6"]
[White "Smerdon, David"]
[Black "Sprenger, Jan Michael"]
[Result "1-0"]
[WhiteElo "2516"]
[BlackElo "2510"]
[PlyCount "75"]
[EventDate "2015.??.??"]

1. e4 c5 2. Nf3 e6 3. c3 d5 4. e5 d4 5. Bd3 Bd7 6. O-O Bc6 7. Na3 Ne7 8. Re1
Ng6 9. Be4 dxc3 10. bxc3 Be7 11. Rb1 Qd7 12. d3 O-O 13. h4 Nxh4 14. Nxh4 Bxh4
15. Qg4 Bd8 16. Re3 Bxe4 17. Qxe4 Nc6 18. Rh3 g6 19. Bh6 f5 20. exf6 Rxf6 21.
Nc4 Rf7 22. Re1 Bf6 23. Bd2 e5 24. Ne3 Bg5 25. Qc4 Rd8 26. Ng4 Na5 27. Qxf7+
Qxf7 28. Bxg5 Qf8 29. Rf3 Qd6 30. Nh6+ Kg7 31. Nf7 Qd5 32. Rxe5 Qxf3 33. gxf3
Rd7 34. Rxc5 Kxf7 35. Rxa5 b6 36. Re5 Rxd3 37. Re7+ Kg8 38. Bh6 1-0

[Event "BL 1516 Werder Bremen - Schachfr. Berli"]
[Site "?"]
[Date "2015.10.31"]
[Round "1.7"]
[White "Lauber, Arnd"]
[Black "Werle, Jan"]
[Result "0-1"]
[WhiteElo "2437"]
[BlackElo "2524"]
[PlyCount "52"]
[EventDate "2015.??.??"]

1. d4 Nf6 2. c4 e6 3. Nc3 c5 4. d5 exd5 5. cxd5 d6 6. Nf3 g6 7. Nd2 Nbd7 8. e4
Bg7 9. Be2 O-O 10. O-O Ne5 11. a4 Re8 12. Ra3 Bg4 13. Bxg4 Nfxg4 14. Qc2 c4 15.
h3 Nf6 16. f4 Nd3 17. Nxc4 Nxc1 18. Rxc1 Rc8 19. Qd3 Nh5 20. Rf1 Ng3 21. Rf3
Bxc3 22. Rxg3 Bxb2 23. Rb3 Bg7 24. Rxb7 Qf6 25. Kh1 Qxf4 26. Rb1 Rxc4 0-1

[Event "BL 1516 Werder Bremen - Schachfr. Berli"]
[Site "?"]
[Date "2015.10.31"]
[Round "1.8"]
[White "Fish, Gennadij"]
[Black "Thiede, Lars"]
[Result "1-0"]
[WhiteElo "2460"]
[BlackElo "2437"]
[PlyCount "111"]
[EventDate "2015.??.??"]

1. d4 Nf6 2. c4 g6 3. Nc3 Bg7 4. e4 d6 5. Nf3 O-O 6. Be2 e5 7. O-O Na6 8. Re1
c6 9. Bf1 exd4 10. Nxd4 Ng4 11. h3 Qb6 12. hxg4 Qxd4 13. g5 Qe5 14. Qf3 Qe7 15.
Bf4 Be5 16. Rad1 Nc5 17. Qg3 f6 18. gxf6 Rxf6 19. Bxe5 Qxe5 20. b4 Nd7 21. c5
a5 22. Qxe5 dxe5 23. Na4 Kf8 24. b5 Ke7 25. Re3 Rf8 26. Bc4 Ra7 27. Red3 Nf6
28. f3 cxb5 29. Bxb5 Be6 30. a3 Rc8 31. Rc3 Rc7 32. Nb6 a4 33. Nd5+ Bxd5 34.
exd5 Rc8 35. d6+ Kd8 36. Rc4 Ra5 37. Rb1 Nd5 38. Bxa4 Raxc5 39. Rxc5 Rxc5 40.
Rxb7 Nc3 41. Rb8+ Rc8 42. Rxc8+ Kxc8 43. Bc6 Ne2+ 44. Kf2 Nd4 45. Ba4 Nf5 46.
d7+ Kc7 47. Bb5 Nd6 48. a4 g5 49. Ke3 h5 50. Kd3 g4 51. fxg4 hxg4 52. Bc6 g3
53. a5 e4+ 54. Bxe4 Kxd7 55. a6 Nb5 56. Kc4 1-0

[Event "BL 1516 SV Hockenheim - Bayern München"]
[Site "?"]
[Date "2015.09.20"]
[Round "2.1"]
[White "Bischoff, Klaus"]
[Black "Wagner, Dennis"]
[Result "1/2-1/2"]
[WhiteElo "2488"]
[BlackElo "2579"]
[PlyCount "43"]
[EventDate "2015.??.??"]

1. Nf3 Nf6 2. c4 c5 3. Nc3 d5 4. cxd5 Nxd5 5. Qa4+ Nc6 6. Ne5 Qc7 7. Nxc6 Nxc3
8. dxc3 Bd7 9. e4 a6 10. Bb5 Rc8 11. Na7 axb5 12. Nxb5 Qc6 13. c4 Qxe4+ 14. Be3
e5 15. O-O-O Qc6 16. Rd2 Be7 17. Rhd1 Be6 18. Rd6 Bxd6 19. Nxd6+ Ke7 20. Nxc8+
Rxc8 21. Qxc6 Rxc6 22. b3 1/2-1/2

[Event "BL 1516 SV Hockenheim - Bayern München"]
[Site "?"]
[Date "2015.09.20"]
[Round "2.2"]
[White "Balogh, Csaba"]
[Black "Schenk, Andreas"]
[Result "1-0"]
[WhiteElo "2659"]
[BlackElo "2483"]
[PlyCount "61"]
[EventDate "2015.??.??"]

1. e4 e6 2. d4 d5 3. Nc3 Nf6 4. e5 Nfd7 5. f4 c5 6. Nf3 Nc6 7. Be3 Be7 8. Qd2
b6 9. Nd1 O-O 10. c3 a5 11. Bb5 Qc7 12. O-O a4 13. Bf2 Ba6 14. Bxa6 Rxa6 15. f5
Na5 16. f6 gxf6 17. Bh4 Qd8 18. exf6 Nxf6 19. Qg5+ Kh8 20. Ne5 Ng8 21. Qh5 f6
22. Ng6+ Kg7 23. Nxf8 Qxf8 24. Ne3 Qf7 25. Qg4+ Kh8 26. Qf4 Nc6 27. Qc7 cxd4
28. Nxd5 dxc3 29. Nxe7 Ncxe7 30. bxc3 b5 31. Rad1 1-0

[Event "BL 1516 SV Hockenheim - Bayern München"]
[Site "?"]
[Date "2015.09.20"]
[Round "2.3"]
[White "Fedorovsky, Michael"]
[Black "Buhmann, Rainer"]
[Result "1/2-1/2"]
[WhiteElo "2451"]
[BlackElo "2612"]
[PlyCount "46"]
[EventDate "2015.??.??"]

1. d4 Nf6 2. c4 e6 3. Nf3 d5 4. Nc3 Nbd7 5. cxd5 exd5 6. Bg5 c6 7. e3 Be7 8.
Bd3 O-O 9. Qc2 Re8 10. O-O h6 11. Bf4 Nf8 12. h3 Be6 13. Ne5 N6d7 14. Nf3 Nb6
15. Bh2 Bd6 16. Ne5 Nbd7 17. f4 f6 18. Nf3 Bf7 19. Rae1 a6 20. g4 Qc7 21. h4
Re7 22. Qg2 Rae8 23. Nd1 Bg6 1/2-1/2

[Event "BL 1516 SV Hockenheim - Bayern München"]
[Site "?"]
[Date "2015.09.20"]
[Round "2.4"]
[White "Baramidze, David"]
[Black "Dragnev, Valentin"]
[Result "1/2-1/2"]
[WhiteElo "2604"]
[BlackElo "2385"]
[PlyCount "98"]
[EventDate "2015.??.??"]

1. Nf3 Nf6 2. g3 g6 3. Bg2 Bg7 4. O-O O-O 5. c4 c6 6. b3 Ne4 7. d4 d5 8. Bb2
Bf5 9. Nbd2 Nd7 10. e3 Re8 11. Re1 Ndc5 12. Bf1 Rc8 13. Nh4 Be6 14. Ndf3 g5 15.
Ng2 Bf5 16. h4 h6 17. Ne5 Nd7 18. g4 Bh7 19. f3 Nxe5 20. dxe5 Nc5 21. hxg5 hxg5
22. b4 Nd7 23. f4 e6 24. Bd3 Bxd3 25. Qxd3 Qb6 26. Bd4 Qxb4 27. Reb1 Qe7 28.
Rxb7 Nxe5 29. Qb1 Nd7 30. Bxg7 Kxg7 31. Rxa7 Rb8 32. Qd3 gxf4 33. Nxf4 Rh8 34.
Qc3+ e5 35. Rxd7 Qxd7 36. Qxe5+ f6 37. Nh5+ Rxh5 38. Qxh5 Rh8 39. Qf5 Qd6 40.
Qf4 Qe6 41. g5 dxc4 42. Rf1 fxg5 43. Qd4+ Kh7 44. Rf6 c5 45. Rxe6 cxd4 46. exd4
Rd8 47. Rc6 Rxd4 48. a4 c3 49. Rxc3 Rxa4 1/2-1/2

[Event "BL 1516 SV Hockenheim - Bayern München"]
[Site "?"]
[Date "2015.09.20"]
[Round "2.5"]
[White "Belezky, Alexander"]
[Black "Banusz, Tamas"]
[Result "0-1"]
[WhiteElo "2455"]
[BlackElo "2600"]
[PlyCount "130"]
[EventDate "2015.??.??"]

1. Nf3 Nf6 2. g3 d5 3. Bg2 c6 4. b3 Bg4 5. Bb2 Nbd7 6. O-O e6 7. d4 Bd6 8. Nbd2
h6 9. Re1 Bf5 10. Ne5 O-O 11. Nxd7 Qxd7 12. e4 dxe4 13. Nxe4 Be7 14. Qe2 Rfd8
15. Red1 Qc7 16. c4 Nxe4 17. Bxe4 Bxe4 18. Qxe4 Bf6 19. Bc1 c5 20. Bf4 Qc6 21.
d5 exd5 22. cxd5 Qd7 23. Be5 Bxe5 24. Qxe5 Qd6 25. Qf5 Re8 26. Re1 g6 27. Qd3
Rad8 28. Rad1 h5 29. h4 b6 30. Re4 Rxe4 31. Qxe4 Kg7 32. Rd3 Rd7 33. Qe8 Re7
34. Qc6 Qxc6 35. dxc6 Kf6 36. Rd6+ Ke5 37. Rd8 Ke6 38. Rc8 Kd6 39. Kf1 Rc7 40.
Rf8 Kxc6 41. Ke2 Kb5 42. Kd3 Kb4 43. Re8 b5 44. Rb8 Rd7+ 45. Kc2 a6 46. Rb6 Re7
47. Rxa6 Re2+ 48. Kd3 Rxf2 49. Ke3 Rg2 50. Kf3 Rb2 51. Ra7 f6 52. Ra6 g5 53.
Rxf6 g4+ 54. Ke4 Rxa2 55. Rf5 Rb2 56. Rxh5 Rxb3 57. Kf4 c4 58. Rh8 c3 59. Rc8
Rb1 60. Kxg4 Kb3 61. Kf5 c2 62. g4 c1=Q 63. Rxc1 Rxc1 64. g5 Rf1+ 65. Kg6 b4
0-1

[Event "BL 1516 SV Hockenheim - Bayern München"]
[Site "?"]
[Date "2015.09.20"]
[Round "2.6"]
[White "Braun, Arik"]
[Black "Reich, Thomas"]
[Result "1-0"]
[WhiteElo "2563"]
[BlackElo "2406"]
[PlyCount "69"]
[EventDate "2015.??.??"]

1. d4 Nf6 2. c4 g6 3. Nc3 Bg7 4. e4 O-O 5. Be3 d6 6. h3 e5 7. d5 Na6 8. g4 Nc5
9. Qc2 a5 10. Nge2 Ne8 11. Ng3 Qh4 12. Qd2 h6 13. O-O-O Kh7 14. Be2 Bf6 15.
Rdg1 Bg5 16. Bxg5 hxg5 17. Qe3 Rh8 18. Nb1 Kg8 19. Nd2 Qh6 20. h4 gxh4 21. g5
Qg7 22. Ngf1 f5 23. gxf6 Nxf6 24. f4 exf4 25. Qxf4 Bd7 26. Rxh4 Rxh4 27. Qxh4
Re8 28. Ng3 g5 29. Nh5 gxh4 30. Nxg7 Re5 31. Nf5+ Kh7 32. Nf3 Bxf5 33. Nxe5
Nfxe4 34. Nf3 Ng3 35. Bd1 1-0

[Event "BL 1516 SV Hockenheim - Bayern München"]
[Site "?"]
[Date "2015.09.20"]
[Round "2.7"]
[White "Unzicker, Ferdinand"]
[Black "Paehtz, Elisabeth"]
[Result "0-1"]
[WhiteElo "2321"]
[BlackElo "2452"]
[PlyCount "74"]
[EventDate "2015.??.??"]

1. g3 d5 2. c4 e6 3. Bg2 Nf6 4. Nf3 c6 5. O-O Nbd7 6. b3 Be7 7. Bb2 O-O 8. e3
a5 9. Nc3 b6 10. cxd5 cxd5 11. Nb5 Ba6 12. a4 Rc8 13. Re1 Nc5 14. Bf1 Bb7 15.
Rc1 Nfe4 16. d3 Nd6 17. Ba3 Nxb5 18. axb5 Bd6 19. b4 axb4 20. Bxb4 Nxd3 21.
Rxc8 Bxc8 22. Bxd3 Bxb4 23. Bxh7+ Kh8 24. Rf1 Qf6 25. Bb1 Bc5 26. h4 Bd7 27.
Ng5 g6 28. Ne4 Qe5 29. Nxc5 bxc5 30. Qc1 c4 31. f4 Qf6 32. Qa3 Kg7 33. b6 Rb8
34. Qa5 Qb2 35. Qa7 Qxb6 36. Qxd7 Qxe3+ 37. Kh2 Qe2+ 0-1

[Event "BL 1516 SV Hockenheim - Bayern München"]
[Site "?"]
[Date "2015.09.20"]
[Round "2.8"]
[White "Boguslavskyy, Oleg"]
[Black "Zwanzger, Johannes"]
[Result "1-0"]
[WhiteElo "2454"]
[BlackElo "2277"]
[PlyCount "59"]
[EventDate "2015.??.??"]

1. e4 e5 2. Nf3 Nc6 3. Bc4 Nf6 4. d3 Bc5 5. c3 d6 6. Nbd2 O-O 7. O-O a6 8. Bb3
Ba7 9. h3 Ne7 10. Re1 Ng6 11. Nf1 Re8 12. Ng3 h6 13. d4 c6 14. Be3 Qc7 15. Qd2
d5 16. Nxe5 Nxe5 17. dxe5 Bxe3 18. Rxe3 Rxe5 19. exd5 Rxe3 20. d6 Qa5 21. Qxe3
Bd7 22. Qe7 Rf8 23. Re1 Qg5 24. Ne4 Nxe4 25. Rxe4 Qf5 26. Re5 Qf4 27. Re3 Re8
28. Qxd7 Rxe3 29. Qxf7+ Qxf7 30. fxe3 1-0

[Event "BL 1516 SV Griesheim - OSG Baden Baden"]
[Site "?"]
[Date "2015.09.20"]
[Round "2.1"]
[White "Shirov, Alexei"]
[Black "Klekowski, Maciej"]
[Result "1-0"]
[WhiteElo "2712"]
[BlackElo "2478"]
[PlyCount "87"]
[EventDate "2015.??.??"]

1. e4 c5 2. Nf3 Nc6 3. d4 cxd4 4. Nxd4 Nf6 5. Nc3 e5 6. Ndb5 d6 7. Bg5 a6 8.
Na3 b5 9. Nd5 Be7 10. Bxf6 Bxf6 11. c4 b4 12. Nc2 O-O 13. g3 Rb8 14. Qd3 Bg5
15. h4 Bh6 16. Bh3 Be6 17. Kf1 Qa5 18. Kg2 Qc5 19. b3 Bxd5 20. exd5 Ne7 21. a3
a5 22. axb4 axb4 23. Ra4 f5 24. Rha1 Kh8 25. Ra7 Ng6 26. Bxf5 e4 27. Qxe4 Rbe8
28. Qg4 Ne5 29. Qh5 Qb6 30. R1a6 Qd8 31. Nd4 Qf6 32. Ne6 Qxf5 33. Qxf5 Rxf5 34.
f4 Ng6 35. Rxd6 Bxf4 36. gxf4 Nxf4+ 37. Kg3 Nxe6 38. Rxe6 Ref8 39. Re3 g5 40.
h5 g4 41. d6 Rxh5 42. Rae7 Rh3+ 43. Kxg4 Rh6 44. Re8 1-0